000 00287nam a2200121Ia 4500
008 220204s9999 xx 000 0 und d
082 _a621
_bWIN
100 _aStanton E
245 0 _aMachine design
260 _aBombay
_bD B Taraporevala
_c1939
650 _aMachine design
942 _cBK
999 _c22999
_d22999